Statistics for All Fresno Neighborhoods

Click here to take the quiz!

General Stats

  • This quiz has been taken 8 times
  • The average score is 6 of 16

Answer Stats

#NeighborhoodPop.% Correct
13Downtown4,256
88%
16Tower District1,275
88%
1Roosevelt128,345
63%
8Edison25,638
50%
12Jefferson5,069
50%
11Lowell5,969
38%
5McLane56,716
38%
3Woodward Park58,752
38%
2Bullard100,730
25%
4Fresno-High56,759
25%
6Hoover55,566
25%
7West Growth Area53,891
25%
15North Growth Area2,295
13%
14South Growth Area3,848
13%
9Central14,052
0%
10Southeast Growth Area6,677
0%

Score Distribution

Percentile by Number Answered

Percent of People with Each Score

Your Score History

You have not taken this quiz